STN EN 60601-1: 1999 (36 4800) [neplatná], Zdravotnícke elektrické prístroje Časť 1 Všeobecné požiadavky na bezpečnosť
| Format: | Book |
|---|---|
| Language: | Undetermined Slovak English |
| PhysicalDescription: | 52 s. |
| Published: |
Bratislava
Úrad pre normalizáciu, metrológiu a skúšobníctvo SR
1999
|
| Subjects: |
MARC
| LEADER | 00000nam a2200000 a 4500 | ||
|---|---|---|---|
| 001 | vtls001367125 | ||
| 003 | SK-MaSNL | ||
| 005 | 20260302071236.0 | ||
| 008 | 98 d19sm y0 xx r 0 und | ||
| 035 | |a SNK000320812 | ||
| 040 | |a SNK |b slo |c SNK |e AACR2 | ||
| 041 | 1 | |a slo |h eng | |
| 044 | |a xo |c SK | ||
| 046 | |a m |m 19990701 (účin.) |n 20120601 (zruš.) | ||
| 130 | 0 | |a STN 36 4800 (STN EN 60601-1) [neplatná] |9 732733 | |
| 245 | 1 | 0 | |a STN EN 60601-1: 1999 (36 4800) [neplatná], Zdravotnícke elektrické prístroje |n Časť 1 |p Všeobecné požiadavky na bezpečnosť |
| 246 | 1 | 0 | |a Zdravotnícke elektrické prístroje |
| 246 | 1 | 0 | |a Všeobecné požiadavky na bezpečnosť |
| 260 | |a Bratislava |b Úrad pre normalizáciu, metrológiu a skúšobníctvo SR |c 1999 | ||
| 300 | |a 52 s. | ||
| 500 | |a [Norma je nahradená normou STN EN 60601-1 z novembra 2009 v celom rozsahu]. Norma z r. 2009 je dostupná na elektronickom zdroji | ||
| 540 | |a STN vydané na akomkoľvek nosiči sa môžu rozmnožovať a rozširovať iba so súhlasom určenej právnickej osoby |b SÚTN Bratislava |c zákon 264/1999 Z. z. | ||
| 650 | 0 | 7 | |a technické normy a štandardy |z Slovensko |2 SNKPH |9 79594 |
| 650 | 0 | 7 | |a technické normy a štandardy |z krajiny Európskej únie |2 SNKPH |9 289341 |
| 655 | 7 | |a normy |2 SNKPH |9 70643 | |
| 958 | |a OP | ||
| 999 | |c 1151070 |d 1153000 | ||
| 952 | |t P60, <04>, [BOOK], {604} |a SNK |b SNK |y VYP |7 0 |p 17A0198293 |o snkSTN EN 60601-1 Zmena A2 D1 |i snkN 1698/99 |0 0 |1 0 |4 0 |d 1999-07-01 |l 0 |r 2005-01-02 00:00:00 |w 2026-02-24 | ||
| 952 | |t P60, <03>, [BOOK], {603} |a SNK |b SNK |y PREZ |7 0 |p 17A0212365 |o snkSTN EN 60601-1 Zmena A13 |i snkN 2111/99 |0 0 |1 0 |4 0 |d 1999-11-17 |l 0 |r 2005-01-02 00:00:00 |w 2026-02-24 | ||
| 952 | |t P60, <04>, [BOOK], {604} |a SNK |b SNK |y VYP |7 0 |p 17A0212351 |o snkSTN EN 60601-1 Zmena A13 D1 |i snkN 2112/99 |0 0 |1 0 |4 0 |d 1999-11-17 |l 0 |r 2005-01-02 00:00:00 |w 2026-02-24 | ||
| 952 | |t P60, <03>, [BOOK], {603} |a SNK |b SNK |y PREZ |7 0 |p 17A0198292 |o snkSTN EN 60601-1 Zmena A2 |i snkN 1697/99 |0 0 |1 0 |4 0 |d 1999-07-01 |l 0 |r 2005-01-02 00:00:00 |w 2026-02-24 | ||


